000 01005pam a2200289 a 4500
001 654690
003 Ke-BoTe
005 20221001020005.0
008 941024s1995 ctua b 001 0 eng c
010 _a 94041658
020 _a0838570569
040 _aDNLM/DLC
_cDLC
_dDLC
050 0 0 _aRT84.5
_b.N89 1995
060 1 0 _aWY 86 N9755 1995
082 0 0 _a610.73/01
_220
245 0 0 _aNursing theories :
_bthe base for professional nursing practice /
_ceditor, Julia B. George.
250 _a4th ed.
260 _aNorwalk, Conn. :
_bAppleton & Lange,
_cc1995.
300 _ax, 469 p. :
_bill. ;
_c24 cm.
504 _aIncludes bibliographical references and index.
650 0 _aNursing
_xPhilosophy.
_93264
650 1 2 _aNursing Theory.
_93265
700 1 _aGeorge, Julia B.
_93266
906 _a7
_bcbc
_corignew
_d1
_eocip
_f19
_gy-gencatlg
942 _2lcc
_cBK
_n0
_01
999 _c2962
_d2962